00852cam a22002414a 4500020001800000020001500018020002800033040000800061082002600069100002200095245006600117260004200183300003500225490002800260650002500288650002400313700002600337700001900363856005700382942000700439999001700446952014700463 a9780821369432 a0821369431 a082136944X (electronic) cDLC00a374 WOR 2007 A078 Or.1 aDahlman, Carl J.,10aEnhancing China's competitiveness through lifelong learning / aWashington, DC :bWorld Bank,cc2007. axxii, 238 p. :bill. ;c27 cm.0 aWBI development studies 0aContinuing education 0aEducation and state1 aZeng, Douglas Zhihua.1 aWang, Shuilin.41uhttp://www.loc.gov/catdir/toc/fy0715/2006103077.html cEK c15570d15570 0010406374_000000000000000_WOR_2007_A078_OR70969051aLBAbLBAcA078d2017-12-01o374 WOR 2007 A078 Or.pA06216r2017-12-01w2017-12-01yEK